Χάρτης της Ελλάδας Χωρίς 20 Π.Ε. - Statistics

General Stats
  • This quiz has been taken 5 times
  • The average score is 8 of 20
Answers on the Map
Answers color-coded by a green-red scale on the quiz's map according to % correct below.
 
Answer Stats
Περιφερειακή Ενότητα % Correct
Αιτωλίας-Ακαρνανίας
100%
Αχαΐας
100%
Δράμας
100%
Ζακύνθου
100%
Ηλείας
100%
Ημαθίας
100%
Θεσπρωτίας
100%
Κέρκυρας
100%
Καστοριάς
100%
Κιλκίς
100%
Κοζάνης
100%
Λακωνίας
100%
Λευκάδας
100%
Πρέβεζας
100%
Ρόδου
100%
Φθιώτιδας
100%
Φλώρινας
100%
Μεσσηνίας
75%
Θεσσαλονίκης
67%
Σερρών
67%
Άρτας
50%
Βοιωτίας
50%
Γρεβενών
50%
Ευρυτανίας
50%
Ιωαννίνων
50%
Καρδίτσας
50%
Κεφαλληνίας
50%
Κορινθίας
50%
Ιθάκης
33%
Χανίων
33%
Άνδρου
0%
Αγίου Όρους
0%
Ανατολικής Αττικής
0%
Αργολίδας
0%
Αρκαδίας
0%
Βορείου Τομέα Αθηνών
0%
Δυτικής Αττικής
0%
Δυτικού Τομέα Αθηνών
0%
Έβρου
0%
Ευβοίας
0%
Ηρακλείου
0%
Θάσου
0%
Θήρας
0%
Ικαρίας
0%
Κέας-Κύθνου
0%
Καβάλας
0%
Καλύμνου
0%
Καρπάθου-Κάσου
0%
Κεντρικού Τομέα Αθηνών
0%
Κω
0%
Λάρισας
0%
Λέσβου
0%
Λήμνου
0%
Λασιθίου
0%
Μήλου
0%
Μαγνησίας
0%
Μυκόνου
0%
Νάξου
0%
Νήσων
0%
Νοτίου Τομέα Αθηνών
0%
Ξάνθης
0%
Πάρου
0%
Πέλλας
0%
Πειραιώς
0%
Πιερίας
0%
Ρεθύμνης
0%
Ροδόπης
0%
Σάμου
0%
Σύρου
0%
Σποράδων
0%
Τήνου
0%
Τρικάλων
0%
Φωκίδας
0%
Χίου
0%
Χαλκιδικής
0%
No matching quizzes found
Score Distribution
Percent of People with Each Score
Percentile by Number Answered
Your Score History
You have not taken this quiz